<?xml version="1.0" encoding="UTF-8"?>
<record
    xmlns:xsi="http://www.w3.org/2001/XMLSchema-instance"
    xsi:schemaLocation="http://www.loc.gov/MARC21/slim http://www.loc.gov/standards/marcxml/schema/MARC21slim.xsd"
    xmlns="http://www.loc.gov/MARC21/slim">

  <leader>01026nam a2200229Ia 4500</leader>
  <controlfield tag="001">Z_6191</controlfield>
  <controlfield tag="008">220601s9999    xx            000 0 und d</controlfield>
  <datafield tag="082" ind1=" " ind2=" ">
    <subfield code="a">C 636.0981078 U536</subfield>
  </datafield>
  <datafield tag="110" ind1=" " ind2=" ">
    <subfield code="a">UNAM. Facultad de Medicina Veterinaria y Zootecnia. Departamento de Fisiolog&#xED;a y Farmacolog&#xED;a</subfield>
    <subfield code="9">144087</subfield>
  </datafield>
  <datafield tag="245" ind1=" " ind2=" ">
    <subfield code="a">Manual de laboratorio de fisiolog&#xED;a veterinaria / UNAM. Facultad de Medicina Veterinaria y Zootecnia. Departamento de Fisiolog&#xED;a y Farmacolog&#xED;a </subfield>
  </datafield>
  <datafield tag="260" ind1=" " ind2=" ">
    <subfield code="a">M&#xE9;xico : UNAM : Facultad de Medicina Veterinaria y Zootecnia, Departamento de Fisiolog&#xED;a y Farmacolog&#xED;a</subfield>
  </datafield>
  <datafield tag="300" ind1=" " ind2=" ">
    <subfield code="a">144 p.</subfield>
  </datafield>
  <datafield tag="503" ind1=" " ind2=" ">
    <subfield code="a">ej.1: Donaci&#xF3;n</subfield>
  </datafield>
  <datafield tag="504" ind1=" " ind2=" ">
    <subfield code="a">Incluye bibliograf&#xED;a</subfield>
  </datafield>
  <datafield tag="650" ind1=" " ind2=" ">
    <subfield code="a">1. Fisiolog&#xED;a Veterinaria - Manuales de laboratorio</subfield>
    <subfield code="9">183312</subfield>
  </datafield>
  <datafield tag="710" ind1=" " ind2=" ">
    <subfield code="a">UNAM. Facultad de Medicina Veterinaria y Zootecnia. Departamento de Fisiolog&#xED;a y Farmacolog&#xED;a&#xCC;</subfield>
    <subfield code="9">183313</subfield>
  </datafield>
  <datafield tag="901" ind1=" " ind2=" ">
    <subfield code="a">C 636.0981078 U536</subfield>
  </datafield>
  <datafield tag="902" ind1=" " ind2=" ">
    <subfield code="a">M</subfield>
  </datafield>
  <datafield tag="905" ind1=" " ind2=" ">
    <subfield code="a">523224[s.f.]                        mx an  8212223322spa16</subfield>
  </datafield>
  <datafield tag="942" ind1=" " ind2=" ">
    <subfield code="c">1</subfield>
  </datafield>
  <datafield tag="999" ind1=" " ind2=" ">
    <subfield code="c">217087</subfield>
    <subfield code="d">217087</subfield>
  </datafield>
  <datafield tag="952" ind1=" " ind2=" ">
    <subfield code="0">0</subfield>
    <subfield code="1">0</subfield>
    <subfield code="2">ddc</subfield>
    <subfield code="4">0</subfield>
    <subfield code="5">1</subfield>
    <subfield code="7">0</subfield>
    <subfield code="8">C</subfield>
    <subfield code="a">Z</subfield>
    <subfield code="b">Z</subfield>
    <subfield code="d">2012-06-21</subfield>
    <subfield code="e">Donaci&#xF3;n</subfield>
    <subfield code="l">0</subfield>
    <subfield code="o">C 636.0981078 U536</subfield>
    <subfield code="p">z_4466</subfield>
    <subfield code="r">2022-06-02 00:00:00</subfield>
    <subfield code="t">1</subfield>
    <subfield code="w">2022-06-02</subfield>
    <subfield code="y">LIBRO</subfield>
  </datafield>
</record>
